000 00853nam a2200229Ia 4500
001 7473
003 GE_BSU
008 181216s||||||||xx |||||||||||||| ||und||
040 _cGE_BSU
080 _a665.63:338(075.8)
100 _aЕгоров,В.И. Злотникова,Л.Г.
245 _aЭкономика нефтеперерабатывающей и нефтехимической промышленности.
245 _bУчебник для вузов.
245 _cРед.Д.Н.Семенова.
250 _a2-е изд. перераб.
260 _aМ.
260 _bХимия.
260 _c1982.
300 _a288стр.22см.с илл.библиогр.:стр.280.
653 _aЭкономика нефтеперерабатывающей и нефтехимической промышленности.
942 _cBK
999 _c40833
_d40833